000 00386nam a2200145Ia 4500
008 240624s9999 xx 000 0 und d
041 _aeng
082 _a519.5 KAZ
100 _aKAZMIER LEONARD J
245 _aSCHAUM S OUTLINES OF THEORY AND PROBLEMS OF B
250 _a(4th ed.)
260 _c2004
_aNew Delhi
_bTata McGrawhill
300 _axiii, : 404 : p. : cm. ; 26
365 _cRS
999 _c1647
_d1647